000 00299nam a2200109Ia 4500
008 200302s9999 xx 000 0 und d
100 _aShashank Jain & Other
245 _aCoreidraw 10 Training Guide Visual Reference Basics
260 _bB P B Publishing Co. Ltd.
260 _c2002
300 _a188 P.,
999 _c1882
_d1882